Estadísticas para Países más cercanos a India

Haz click aquí para intentar la prueba.

Estadísticas generales

  • Esta prueba ha sido intentada 3.793 veces
  • La puntuación promedio es 17 de 20

Estadísticas de respuestas

kmpaís% Correcto
0China
98%
0Nepal
96%
0Pakistán
96%
1Sri Lanka
94%
0Bangladés
91%
211Afganistán
90%
0Bután
90%
0Myanmar
88%
486Tailandia
88%
717Laos
86%
613Irán
85%
277Tayikistán
82%
721Vietnam
82%
525Kirguistán
79%
733Turkmenistán
79%
617Uzbekistán
78%
808Kazajistán
76%
130Maldivas
76%
172Indonesia
75%
632Malasia
72%

Distribución de puntuación

Porcentaje por número respondido

Porcentaje de gente con cada puntuación

Historial de tus puntuaciones

No has intentado esta prueba.